000 00815nam a22002417a 4500
003 dpl
005 20180804152755.0
008 180804b xxu||||| |||| 00| 0 eng d
010 _aB-217833
020 _a8188583421
_c775.00
035 _aB-217833
037 _aBPPD/PUB
040 _aDPL
_bEN
_c0
082 _a320
_bREF
245 _aReference manual for UGC examinations :
_bNET, SLET, JRF and other UPSC competitive tests Political Science /
260 _aNew Delhi
_bReference Press
_c2004
270 _a4831/24 Ansari Road Darya Ganj
_bNew Delhi
_e110002
300 _a410p
_b24cm(Hb)
650 _aCommerce -- Examinations -- Study guides.
650 _aCommerce -- Examinations, questions, etc.
650 _aExaminations -- India -- Study guides.
942 _2ddc
_cEN
_h320
_mREF
999 _c155466
_d155466